000 00741nam a2200241 i 4500
001 bg
100 1 _aFOLTYŃSKA, Izabela.
245 1 0 _aMatematyka dla studentów uczelni technicznych.
_nCz. 3 /
_cIzabela Foltyńska, Zbigniew Ratajczak, Zdzisław Szafrański.
260 _aPoznań :
_bWydaw. Politechniki Poznańskiej,
_c2000.
300 _a325 s. :
_bil. ;
_c24 cm.
504 _aBibliogr. - Indeks.
650 9 _aMatematyka
655 _aPodręczniki akademickie
700 1 _aRATAJCZAK, Zbigniew
700 1 _aSZAFRAŃSKi, Zdzisław
020 _a8371434812 (cz. 3)
040 _cBPK
041 0 _apl
080 _a51(075.8)
920 _a83-7143-481-2 (cz. 3)
942 _cKS
008 s pl f |000 0 pol
999 _c39334
_d39334
856 _uhttp://koha.tu.koszalin.pl/cgi-bin/koha/opac-detail.pl?biblionumber=39334
_yKatalog online BPK